<?xml version="1.0" encoding="UTF-8"?>
<record
    xmlns:xsi="http://www.w3.org/2001/XMLSchema-instance"
    xsi:schemaLocation="http://www.loc.gov/MARC21/slim http://www.loc.gov/standards/marcxml/schema/MARC21slim.xsd"
    xmlns="http://www.loc.gov/MARC21/slim">

  <leader>00628nam a2200193 a 4500</leader>
  <controlfield tag="001">3810</controlfield>
  <controlfield tag="003">CDMR</controlfield>
  <controlfield tag="005">20130523192958.0</controlfield>
  <controlfield tag="008">130130s2003||||||||||||||||||||||||||||d</controlfield>
  <datafield tag="020" ind1=" " ind2=" ">
    <subfield code="a">847432954X</subfield>
  </datafield>
  <datafield tag="040" ind1=" " ind2=" ">
    <subfield code="a">CDMR</subfield>
    <subfield code="b">cat</subfield>
    <subfield code="c">CDMR</subfield>
  </datafield>
  <datafield tag="100" ind1="1" ind2=" ">
    <subfield code="a">Sal&#xF3;, Gloria</subfield>
    <subfield code="9">2693</subfield>
  </datafield>
  <datafield tag="245" ind1="1" ind2="2">
    <subfield code="a">&#xBF; Qu&#xE9; es eso del formato ?</subfield>
    <subfield code="b">: c&#xF3;mo nace y se desarrolla un programa de televisi&#xF3;n</subfield>
    <subfield code="c">Gloria Sal&#xF3; ; con la colaboraci&#xF3;n de Olga Fl&#xF3;rez</subfield>
  </datafield>
  <datafield tag="260" ind1=" " ind2=" ">
    <subfield code="a">Barcelona</subfield>
    <subfield code="c">2003</subfield>
    <subfield code="b">Gedisa</subfield>
  </datafield>
  <datafield tag="490" ind1="0" ind2=" ">
    <subfield code="a">Estudios de televisi&#xF3;n</subfield>
    <subfield code="v">17</subfield>
  </datafield>
  <datafield tag="650" ind1="0" ind2="4">
    <subfield code="9">433</subfield>
    <subfield code="a">Televisi&#xF3;</subfield>
    <subfield code="x">Producci&#xF3; i direcci&#xF3;</subfield>
  </datafield>
  <datafield tag="650" ind1="0" ind2="4">
    <subfield code="9">3122</subfield>
    <subfield code="a">Televisi&#xF3;</subfield>
    <subfield code="x">Programes</subfield>
  </datafield>
  <datafield tag="942" ind1=" " ind2=" ">
    <subfield code="c">MON</subfield>
    <subfield code="2">udc</subfield>
  </datafield>
  <datafield tag="999" ind1=" " ind2=" ">
    <subfield code="c">3810</subfield>
    <subfield code="d">3810</subfield>
  </datafield>
  <datafield tag="952" ind1=" " ind2=" ">
    <subfield code="0">0</subfield>
    <subfield code="1">0</subfield>
    <subfield code="4">0</subfield>
    <subfield code="7">0</subfield>
    <subfield code="a">CDMR</subfield>
    <subfield code="b">CDMR</subfield>
    <subfield code="d">2013-01-16</subfield>
    <subfield code="l">0</subfield>
    <subfield code="o">Fo /4</subfield>
    <subfield code="p">CDMR13107690F</subfield>
    <subfield code="r">2013-01-16</subfield>
    <subfield code="w">2013-01-16</subfield>
    <subfield code="y">MON</subfield>
  </datafield>
</record>
